One step enough (Record no. 118979)
[ view plain ]
| 000 -LEADER | |
|---|---|
| fixed length control field | 00388nam a22001337a 4500 |
| 008 - FIXED-LENGTH DATA ELEMENTS--GENERAL INFORMATION | |
| fixed length control field | 131203b xxu||||| |||| 00| 0 eng d |
| 050 ## - LIBRARY OF CONGRESS CALL NUMBER | |
| Classification number | BX4705.C81A3 |
| 100 ## - MAIN ENTRY--PERSONAL NAME | |
| Personal name | Cornwell, Peter |
| 9 (RLIN) | 4804 |
| 245 ## - TITLE STATEMENT | |
| Title | One step enough |
| Remainder of title | the story of a journey |
| Statement of responsibility, etc | Peter Cornwell |
| 260 ## - PUBLICATION, DISTRIBUTION, ETC. (IMPRINT) | |
| Place of publication, distribution, etc | Glasgow |
| Name of publisher, distributor, etc | Collins |
| Date of publication, distribution, etc | 1986 |
| 300 ## - PHYSICAL DESCRIPTION | |
| Extent | 140p.; |
| Dimensions | 18cm. |
| 600 ## - SUBJECT ADDED ENTRY--PERSONAL NAME | |
| Personal name | Cornwell, Peter |
| 9 (RLIN) | 4805 |
| 942 ## - ADDED ENTRY ELEMENTS (KOHA) | |
| Source of classification or shelving scheme | Library of Congress Classification |
| Item type | Monograph ( Printed materials) |
| Withdrawn status | Lost status | Source of classification or shelving scheme | Damaged status | Not for loan | Home library | Current library | Date acquired | Total Checkouts | Full call number | Barcode | Date last seen | Price effective from | Koha item type |
|---|---|---|---|---|---|---|---|---|---|---|---|---|---|
| Library of Congress Classification | ARRUPE LIBRARY | ARRUPE LIBRARY | 03/12/2013 | BX4705.C81A3 | 46411504 | 22/11/2017 | 03/12/2013 | Monograph ( Printed materials) |